000 00302nam a22001217a 4500
008 180522b xxu||||| |||| 00| 0 eng d
041 _aeng
080 _a043.3
100 _a0
101 _aMK-BTH
245 _aStandardet e reja të raportimit të gazetarisë online
_cHaxhiajdini,E
942 _2udc
_cBK
999 _c46173
_d46173